| 000 | 00645nam a2200241Ia 4500 | ||
|---|---|---|---|
| 003 | OSt | ||
| 005 | 20221007104657.0 | ||
| 006 | a|||||r|||| 00| 0 | ||
| 007 | ta | ||
| 008 | 221006b |||||||| |||| 00| 0 eng d | ||
| 024 | _a16,523 | ||
| 037 | _cTextual | ||
| 040 |
_aLCO _cLCO _beng |
||
| 041 |
_2eng _aeng |
||
| 082 | _aZ2,5215OaY49, L9 | ||
| 100 | _aMansukhani H.L | ||
| 245 | 0 | _aCorruption and Public Servants | |
| 260 |
_aNew _bDelhi Vikas Publishing House India _c1979 |
||
| 300 | _a346 | ||
| 650 |
_aCORRUPTION _9334482 |
||
| 942 |
_hZ2,5215OaY49, L9 _cTEXL |
||
| 999 |
_c1186086 _d1186086 |
||